Llwytho...
Methods of plant breeding
| Prif Awdur: | |
|---|---|
| Awduron Eraill: | , |
| Fformat: | Printed Book |
| Iaith: | Undetermined English |
| Cyhoeddwyd: |
Newyork
Mc GRaw- Hill Book Company Inc
1955
|
| Rhifyn: | 2 |
| Pynciau: |
| LEADER | 00614nam a2200193Ia 4500 | ||
|---|---|---|---|
| 008 | 140306s9999 xx 000 0 und d | ||
| 041 | |a eng | ||
| 082 | |a 631.53 |b HAY | ||
| 100 | |a Hayes, Herbert Kendall | ||
| 245 | |a Methods of plant breeding | ||
| 250 | |a 2 | ||
| 260 | |a Newyork |b Mc GRaw- Hill Book Company Inc |c 1955 | ||
| 300 | |a 551 | ||
| 650 | |a Plant breeding | ||
| 700 | |a Immer, forrest Rhimihart | ||
| 700 | |a Smith, David Clyde | ||
| 942 | |2 ddc |c BK | ||
| 999 | |c 54007 |d 54007 | ||
| 952 | |0 0 |1 0 |2 ddc |4 0 |6 631_530000000000000_HAY |7 0 |9 70339 |a KAUACV |b KAUACV |d 2004-05-21 |o 631.53 HAY |p KAU_ACV-4655 |r 2014-03-22 |w 2014-03-22 |y BK | ||